000 01176nam a2200265 a 4500
001 36611
003 BD-RjUL
005 20211209052517.0
008 160424s2012 bg ||||| b||| 000 0 ben d
020 _a9840750224
_c: Tk. 130.00
035 _a(BD-RjUL) 36712
040 _aBD-RjUL
_bben
_cBD-RjUL
041 _aben
082 _221
_a954.035213
_bHOP 2012
100 _aহোসেন, মোহাম্মদ জাহাঙ্গীর
_9111591
245 1 0 _aপ্রাচীন বাঙলার রাষ্ট্র ও প্রশাসন /
_cমোহাম্মদ জাহাঙ্গীর হোসেন
260 _aঢাকা :
_bবাংলা একাডেমী,
_c২০১২
300 _a[১২], ১৯৮ পৃ. :
_bচিত্র ;
_c২২ সেমি.
490 _aবাএ ;
_v৫০০৪
504 _aগ্রন্থপঞ্জি সম্বলিত
650 _aরাষ্ট্র ও প্রশাসন
_zবাংলাদেশ (প্রাচীন)
_9111592
650 _aState and Administration
_zBangladesh (Ancient)
_9111593
830 _aবাএ ;
_v৫০০৪
_9123908
942 _2ddc
_cBK
_01
999 _c36611
_d36611